000 00540nam a2200205Ia 4500
005 20250923144431.0
008 008 250917s9999 xx 000 0 eng d
037 _aTextual
040 _aDSWL
_beng
_cDSWL
041 _aeng
_2eng
084 _aY1:3, G1
_qDSWL
100 _aKeith, S.A
_9824835
245 4 _aThe place of prejudice in modern civilization
_cby S.A Keith
260 _c1931
300 _a54 p.
365 _aINR
_b2.6
925 _g2.6
942 _cTEXL
_hY1:3, G1
999 _c1438826
_d1438826